Estances / (Record no. 171665)

MARC details
000 -LEADER
campo de control de longitud fija 00472nam a22001575i 4500
001 - NÚMERO DE CONTROL
campo de control 171665
003 - IDENTIFICADOR DE NÚMERO DE CONTROL
campo de control ES-MaACL
005 - FECHA Y HORA DE LA ÚLTIMA TRANSACCIÓN
campo de control 20230906214707.0
008 - DATOS DE LONGITUD FIJA--INFORMACIÓN GENERAL
campo de control de longitud fija 090525s1956 sp |||| | cat d
100 1# - ENTRADA PRINCIPAL--NOMBRE DE PERSONA
Nombre de persona Sole de Sojo, Vicente.
9 (RLIN) 140325
245 10 - MENCIÓN DEL TÍTULO
Título Estances /
Mención de responsabilidad, etc. V. Sole de Sojo ; [il-lustrat per Joan Commeleran].
260 ## - PUBLICACIÓN, DISTRIBUCIÓN, ETC.
Lugar de publicación, distribución, etc. Barcelona :
Nombre del editor, distribuidor, etc. Horta,
Fecha de publicación, distribución, etc. 1956.
300 ## - DESCRIPCIÓN FÍSICA
Extensión 173 p. ;
Dimensiones 19 cm.
700 1# - ENTRADA AGREGADA--NOMBRE PERSONAL
Nombre de persona Commeleran, Joan.
9 (RLIN) 140326
852 ## - LOCALIZACIÓN
Ubicación ES-MaACL
Número de control de estantería C-12532
itemnumber R.40417
Holdings
Estatus retirado Estado de pérdida Estado de daño No para préstamo Biblioteca de origen Biblioteca actual Ubicación en estantería Fecha de adquisición Fuente de adquisición Total de préstamos Signatura topográfica completa Código de barras Visto por última vez Precio de reemplazo Tipo de ítem Koha
        Biblioteca del Ateneo de Madrid Biblioteca del Ateneo de Madrid Sala Palomar 25/05/2009     C-12532 1180149 23/02/2023 23/02/2023 Libro impreso